WordPerfect 6.0 for DOS

Đã lưu trong:
书目详细资料
主要作者: Hoàng, Văn Đặng
格式: 图书
语言:Vietnamese
出版: H. Nxb Trẻ 1995
主题:
DOS
标签: 添加标签
没有标签, 成为第一个标记此记录!
Thư viện lưu trữ: Mạng thư viện Đại học Đà Nẵng
LEADER 00962nam a2200325 4500
001 000012913
003 9237
005 20120305080333.0
008 120305s1995 viesd
020 |c 0đ 
041 0 |a vie 
082 |a 005.3  |b HO-Đ 
100 0 |a Hoàng, Văn Đặng 
245 0 |a WordPerfect 6.0 for DOS  |c Hoàng Văn Đặng 
260 |a H.  |b Nxb Trẻ  |c 1995 
300 |a 246 tr.  |c 21 cm 
653 |a WordPerfect 6.0 
653 |a DOS 
653 |a Tin học 
910 |a duyên 
OWN |a LSP 
AVA |a UDN50  |b LSP  |d 005.3 HO-Đ  |e available  |t Error 5001 Not defined in file expand_doc_bib_avail.  |f 1  |g 0  |h N  |i 0  |k 1 
999 |a From the UDN01 
AVA |a UDN50  |b LSP  |d 005.3 HO-Đ  |e available  |t Error 5001 Not defined in file expand_doc_bib_avail.  |f 1  |g 0  |h N  |i 0  |k 1 
TYP |a Monograph 
TYP |a Printed language 
980 |a Mạng thư viện Đại học Đà Nẵng